Responses for Show #6500 - Friday, December 14, 2012

Contestants

[<< previous game]

Matt Steinpreis, a graduate student and research assistant originally from Plymouth, Wisconsin

Carly Gramer, an associate editor of textbooks from Orlando, Florida

Alistair Bell, a computer chip designer from Berlin, Massachusetts (whose 2-day cash winnings total $29,199)

[next game >>]

Jeopardy! Round responses

ANTIQUES
ROAD SHOW
ABBREVIATIONS
EUROPEAN RULERS
COLORFUL MOVIES
STARTS WITH "M"
    $200 26
100

Matt
    $200 21
Abbey Road

Matt
    $200 1
recommended daily amount (or allowance)

Alistair
    $200 16
Ferdinand and Isabella

Alistair
    $200 8
Black

Matt
    $200 6
a microbrew

Carly
    $400 27
a lamp

Carly
    $400 22
Wall Street

Alistair
    $400 2
all-wheel drive

Alistair
    $400 17
Belgium

Alistair
    $400 9
Purple

Alistair
    $400 7
(Matt: What is a moth?)
(Alistair: What is a mantis?)

mosquito

AlistairMatt
Triple Stumper
    $600 28
(Alistair: What are legs?)

feet

Alistair
Triple Stumper
    $600 23
Downing Street

Alistair
    $600 3
University of Texas El Paso

Matt
    $600 18
Elizabeth

Matt
    $600 10
Gray

Carly
    $600 13
a modifier

Matt
    $800 29
(Matt: What is an elephant?)

walrus

Matt
Triple Stumper
    $800 24
Bourbon Street

Carly
    $800 4
Grand Army of the Republic

Triple Stumper
    $800 19
Louis XVI

Matt
    $800 11
Red

Carly
    $800 14
the moors

Carly
    $1000 30
bakelite

Alistair
    $1,200 25
the Champs-Élysées

Carly
    $1000 5
(Alistair: What is wood burning furnace?)

wood burning fireplace

AlistairMatt
    $1000 20
Queen Beatrix

Alistair
    $1000 12
Blue

Alistair
    $1000 15
mukluks

Matt

Scores at the first commercial break (after clue 15):

Alistair Carly Matt
$600 $2,400 $3,000

Scores at the end of the Jeopardy! Round:

Alistair Carly Matt
$3,600 $4,800 $4,000

Double Jeopardy! Round responses

CIVIL WAR LITERATURE
COUNTRY OF BIRTH
ADVENTURES IN JOURNALISM
TOON TIME
CHEMISTS
HETERONYMS
(Alex: Words that are spelled the same but pronounced differently.)
    $400 21
Gettysburg

Matt
    $400 1
England

Alistair
    $400 25
(Alex: And the commentator most associated with The Factor--[*].)

Bill O'Reilly

Triple Stumper
    $400 16
(Mr.) Spacely

Matt
    $400 6
heavy water

Matt
    $400 11
pate [PATE/pa-TAY]

Matt
    $800 22
The Red Badge Of Courage

Matt
    $800 2
Austria

Alistair
    $800 26
BP

Carly
    $800 17
Opus

Triple Stumper
    $800 7
photosynthesis

Alistair
    $800 12
primer [PRY-mer/PRIHM-er]

Alistair
    $1,000 23
Little Women

Matt
    $1200 3
Norway

Triple Stumper
    $1200 28
Tom Wolfe

Triple Stumper
    $1200 18
Boris Badenov

Carly
    $1200 8
Mendeleyev

Matt
    $1200 13
wound [woond/wownd]

Matt
    $1600 24
Sherman

Alistair
    $1600 4
Mexico

Triple Stumper
    $1600 29
Georgia

Alistair
    $1600 19
Haji

Triple Stumper
    $1600 9
insulin

Alistair
    $1600 14
appropriate [uh-PRO-pree-ut/uh-PRO-pree-ate]

Triple Stumper
    $2000 27
Shiloh

Alistair
    $2000 5
(Alex: He was born in [*]. 2 out of 5 on that, Alistair. Pick somewhere else now.)

Hungary

Triple Stumper
    $1,200 30
Fear & Loathing In Las Vegas

Alistair
    $2000 20
The Comedian

Matt
    $2000 10
(Herbert Henry) Dow

Alistair
    $2000 15
combine [CAHM-bine/cum-BINE]

Matt

Scores at the end of the Double Jeopardy! Round:

Alistair Carly Matt
$16,400 $6,800 $13,800

[wagering suggestions for these scores]

Final Jeopardy! Round responses

STATES' HIGHEST POINTS
(Alex: Let's see... Utah, Colorado, Kansas, no, those are all out.)
...
(Alex: [To Carly] What is [*]? Mauna Kea. You are right.)
CarlyWhat is Hawaii?
$1,000
MattWhat is Hawaii?
$0
AlistairWhat is Hawaii?
$11,201
Hawaii

Final scores:

Alistair Carly Matt
$27,601 $7,800 $13,800
3-day champion: $56,800 3rd place: $1,000 2nd place: $2,000

Game dynamics:

Coryat scores:

Alistair Carly Matt
$17,200 $6,600 $14,000
20 R
(including 1 DD),
3 W
9 R
(including 1 DD),
0 W
19 R
(including 1 DD),
2 W

Combined Coryat: $37,800

[game clues] [game scores] [suggest correction]

Game tape date: 2012-09-04
The J! Archive is created by fans, for fans. Scraping, republication, monetization, and malicious use prohibited; this site may use cookies and collect identifying information. See terms. The Jeopardy! game show and all elements thereof, including but not limited to copyright and trademark thereto, are the property of Jeopardy Productions, Inc. and are protected under law. This website is not affiliated with, sponsored by, or operated by Jeopardy Productions, Inc. Join the discussion at JBoard.tv.